书目信息 |
| 题名: |
世界纸币上的名人
|
|
| 作者: | 王宝生 编著 | |
| 分册: | ||
| 出版信息: | 北京 作家出版社有限公司 2024.09 |
|
| 页数: | 13,162页 | |
| 开本: | 27cm | |
| 丛书名: | ||
| 单 册: | ||
| 中图分类: | K811 , F821-64 | |
| 科图分类: | ||
| 主题词: | 名人--生平事迹--世界 , 纸币--介绍--世界--图集 | |
| 电子资源: | ||
| ISBN: | 978-7-5212-2900-4 | |
| 000 | 01053nam0 2200265 450 | |
| 001 | 013316484 | |
| 005 | 20251022202435.07 | |
| 010 | @a978-7-5212-2900-4@dCNY128.00 | |
| 100 | @a20241224d2024 em y0chiy0120 ea | |
| 101 | 0 | @achi |
| 102 | @aCN@b110000 | |
| 105 | @aa z 000yd | |
| 106 | @ar | |
| 200 | 1 | @a世界纸币上的名人@9shi jie zhi bi shang de ming ren@dFamous people on banknotes around the world@f王宝生编著@zeng |
| 210 | @a北京@c作家出版社有限公司@d2024.09 | |
| 215 | @a13,162页@c彩图@d27cm | |
| 330 | @a本书展示了世界40多个国家和地区100多年来发行的150张人物主题纸币,包括公元前8世纪至20世纪,对人类历史进程产生过重要影响,在政治、文化、科技、艺术、经济等领域做出杰出贡献的名人,并甄选了代表他们人生见解和智慧的箴言、名句汇于一册。 | |
| 510 | 1 | @aFamous people on banknotes around the world@zeng |
| 606 | 0 | @a名人@x生平事迹@y世界 |
| 606 | 0 | @a纸币@x介绍@y世界@j图集 |
| 690 | @aK811@v5 | |
| 690 | @aF821-64@v5 | |
| 701 | 0 | @a王宝生@9wang bao sheng@4编著 |
| 801 | 0 | @aCN@c20250908 |
| 905 | @a河南城建学院图书馆@dK811@eW106@ZW106@f1 | |
| 世界纸币上的名人=Famous people on banknotes around the world/王宝生编著.-北京:作家出版社有限公司,2024.09 |
| 13,162页:彩图;27cm |
| ISBN 978-7-5212-2900-4:CNY128.00 |
| 本书展示了世界40多个国家和地区100多年来发行的150张人物主题纸币,包括公元前8世纪至20世纪,对人类历史进程产生过重要影响,在政治、文化、科技、艺术、经济等领域做出杰出贡献的名人,并甄选了代表他们人生见解和智慧的箴言、名句汇于一册。 |
| ● |
| 相关链接 |
|
|
|
正题名:世界纸币上的名人
索取号:K811/W106
 
预约/预借
| 序号 | 登录号 | 条形码 | 馆藏地/架位号 | 状态 | 备注 |
| 1 | 1631738 | 216317386 | 社科库309/309社科库 42排3列5层/ [索取号:K811/W106] | 在馆 |